Sprievodca nemocenským poistením
Uložené v:
| Hlavný autor: | |
|---|---|
| Médium: | Kniha |
| Jazyk: | Slovak |
| Vydavateľské údaje: |
Bratislava
Práca
1984
|
| Vydanie: | 2. preprac. vyd. |
| Edícia: | Knižnica mzdových a pracovnoprávnych príručiek
zv. 4/84 |
| Tagy: |
Žiadne tagy, Buďte prvý, kto otaguje tento záznam!
|
MARC
| LEADER | 00000nam a2200000 4500 | ||
|---|---|---|---|
| 001 | c108411 | ||
| 005 | 20050301104012.7 | ||
| 041 | 0 | |a slo | |
| 044 | |a SK | ||
| 245 | 1 | 0 | |a Sprievodca nemocenským poistením |c František Kövér |
| 250 | |a 2. preprac. vyd. | ||
| 264 | 1 | |a Bratislava |b Práca |c 1984 | |
| 300 | |a 153 s. | ||
| 490 | 1 | |a Knižnica mzdových a pracovnoprávnych príručiek |v zv. 4/84 | |
| 830 | 0 | |a Knižnica mzdových a pracovnoprávnych príručiek |v zv. 4/84 | |
| 100 | 1 | |a Kövér, František | |